Marketing Management (Record no. 36332)
[ view plain ]
| 000 -LEADER | |
|---|---|
| fixed length control field | 00368nam a22001577a 4500 |
| 003 - CONTROL NUMBER IDENTIFIER | |
| control field | OSt |
| 005 - DATE AND TIME OF LATEST TRANSACTION | |
| control field | 20260316113852.0 |
| 007 - PHYSICAL DESCRIPTION FIXED FIELD--GENERAL INFORMATION | |
| fixed length control field | 649 pages |
| 008 - FIXED-LENGTH DATA ELEMENTS--GENERAL INFORMATION | |
| fixed length control field | 260316b |||||||| |||| 00| 0 eng d |
| 040 ## - CATALOGING SOURCE | |
| Transcribing agency | |
| 082 ## - DEWEY DECIMAL CLASSIFICATION NUMBER | |
| Edition number | 17 |
| Classification number | 658.8 |
| Item number | KOT |
| 245 ## - TITLE STATEMENT | |
| Title | Marketing Management |
| Statement of responsibility, etc. | Kotler,Philip |
| 250 ## - EDITION STATEMENT | |
| Edition statement | 17 |
| 260 ## - PUBLICATION, DISTRIBUTION, ETC. | |
| Name of publisher, distributor, etc. | Pearson |
| Date of publication, distribution, etc. | 2025 |
| 942 ## - ADDED ENTRY ELEMENTS (KOHA) | |
| Source of classification or shelving scheme | Dewey Decimal Classification |
| Koha item type | BOOK |
| Edition | 17 |
| Call number prefix | 658.8 |
| Call number suffix | KOT |
| Suppress in OPAC | No |
| Withdrawn status | Lost status | Source of classification or shelving scheme | Damaged status | Not for loan | Collection | Home library | Current library | Date acquired | Cost, normal purchase price | Inventory number | Total Checkouts | Full call number | Barcode | Date last seen | Price effective from | Koha item type |
|---|---|---|---|---|---|---|---|---|---|---|---|---|---|---|---|---|
| Dewey Decimal Classification | MECHANICAL | Fr. Agnel's C.Rodrigues College of Engineering | Fr. Agnel's C.Rodrigues College of Engineering | 16/03/2026 | 1180.00 | AO/26/02/1249 dt 21.02.2026 | 658.8/KOT | 27182 | 16/03/2026 | 16/03/2026 | BOOK | |||||
| Dewey Decimal Classification | MECHANICAL | Fr. Agnel's C.Rodrigues College of Engineering | Fr. Agnel's C.Rodrigues College of Engineering | 16/03/2026 | 1180.00 | AO/26/02/1249 dt 21.02.2026 | 658.8/KOT | 27183 | 16/03/2026 | 16/03/2026 | BOOK | |||||
| Dewey Decimal Classification | MECHANICAL | Fr. Agnel's C.Rodrigues College of Engineering | Fr. Agnel's C.Rodrigues College of Engineering | 16/03/2026 | 1180.00 | AO/26/02/1249 dt 21.02.2026 | 658.8/KOT | 27184 | 16/03/2026 | 16/03/2026 | BOOK | |||||
| Dewey Decimal Classification | MECHANICAL | Fr. Agnel's C.Rodrigues College of Engineering | Fr. Agnel's C.Rodrigues College of Engineering | 16/03/2026 | 1180.00 | AO/26/02/1249 dt 21.02.2026 | 658.8/KOT | 27185 | 16/03/2026 | 16/03/2026 | BOOK | |||||
| Dewey Decimal Classification | MECHANICAL | Fr. Agnel's C.Rodrigues College of Engineering | Fr. Agnel's C.Rodrigues College of Engineering | 16/03/2026 | 1180.00 | AO/26/02/1249 dt 21.02.2026 | 658.8/KOT | 27186 | 16/03/2026 | 16/03/2026 | BOOK |